01043nam a2200229Ia 4500003000900000008004100009020001800050040001600068080002000084111010400104245030800208260004000516300001500556490005500571650004100626650002100667650002200688650002400710700002800734700002900762710002200791IN-BaIIA211028s9999 xx 000 0 eng d a0-902553-29-1 cIIA Library a524.5(063)bLAB aWorkshop on Laboratory and Observational Infrared Spectra of Interstellar DustcUSd1983 July 18-20 0aLaboratory and observational infrared spectra of interstellar dustbproceedings of the workshop on laboratory and observational infrared spectra of interstellar dust held in Hilo, Hawaii, US, 18-20 July 1983cedited by R. D. Wolstencroft and Mayo J. Greenberg  aEdingburghbRoyal Observatoryc1984 avii, 174p. aOccasional reports of the Royal Observatory; no.12 aAstronomy and astrophysics thesaurus aInfrared spectra aInterstellar dust aInterstellar medium aGreenberg, Mayo J., ed. aWolstencroft, R. D., ed. aRoyal Observatory